000 00594nam a2200217Ii 4500
003 JO-AjNU
008 230606s9999||||xx |||||||||||||| ||und||
020 _a987-0-415-83396-7
040 _aJO-AjNU
_beng
_erda
_cJO-AjNU
041 _aeng
050 1 4 _aG156.5.H47.M35 2014
100 3 _aMcKercher, Hilary du Cros Bob ,
_eauthor
_94791
245 0 0 _aCultural Tourism
250 _a2 ed
264 3 1 _alondon: Routledge, 2014
300 _a269p
336 _atext
_btxt
_2rdacontent
337 _aunmediated
_bn
_2rdamedia
338 _avolume
_bnc
_2rdacarrier
650 4 _a Tourism
_94792
999 _aE2481
_c2479
_d2479